| 000 | 00000nam##2200000za#4500 |
| 001 | 9.567660 |
| 003 | CaOODSP |
| 005 | 20210624180902 |
| 007 | cr ||||||||||| |
| 008 | 150406|1998||||xxc|||||o f|0| 0 eng|d |
| 040 | |aCaOODSP|beng |
| 043 | |an-cn--- |
| 086 | 1 |aBT31-2/1999-III-63E-PDF |
| 110 | 1 |aCanada. |bTreasury Board. |
| 245 | 10|aNational Research Council Canada, 1998-99 estimates, report on plans and priorities |h[electronic resource] |
| 260 | |aOttawa - Ontario : |bTreasury Board of Canada Secretariat |c1998. |
| 300 | |a55p.|borganization chart, tables |
| 490 | 1 |a1998-99 estimates. Part III, Report on plans and priorities |v1998-99 |
| 500 | |aIncorrect catalogue number (BT31-2/1999-III-13) and ISBN (0-660-60071-4) copied in this electronic edition. |
| 590 | |a10-12-Supp|b2010-11-18 |
| 775 | 08|tConseil national de recherches Canada, budget des dépenses 1998-1999, rapport sur les plans et les priorités |w(CaOODSP)9.598990 |
| 776 | 0#|tNational Research Council Canada |w(CaOODSP)9.530362 |
| 776 | 0#|tConseil national de recherches Canada |w(CaOODSP)9.530363 |
| 830 | #0|a1998-99 estimates. Part III, Report on plans and priorities ;|v1998-99|w(CaOODSP)9.505714 |
| 856 | 40|ahttp://publications.gc.ca|qPDF|s862 KB|uhttps://publications.gc.ca/collections/Collection/BT31-2-1999-III-63E.pdf|y1998-99 |